01822nmm a22002897a 4500003000500000005001700005007001200022008004100034010001000075011001000085020001800095035001000113040000900123041000800132110004400140245011700184260006000301300006200361336001500423337002700438338004000465516004200505520045900547538045501006651003701461700003401498CHAP20240531130445.0co ag aaaaa000412d1997 mx b o00010 spa d a80816 a81788 q968-16-5398-X a92268 cCHAP aspa0 aMéxico. Presidencia de la República14aLas razones y las obras :h[disco compacto]bgobierno de Miguel de la Madridc/por Presidencia de la República aMéxico, D. F. :bFondo de Cultura Económica,c1997. a1 disco compactoc4 3/4 plgs.bfotografías, caricaturas 2rdacontent 2rdamediaaordenadorbc 2rdacarnieadisco de computadotabcd aNumérico (Estadísticas resumidas) aLa Unidad de la crónica Presidencial fue creada un 1983 por mandato del Presidente de la República. Lic. Miguel de la Madrid Hurtado. Los objetivos principales de este organismo fueron tres : Concentrar las publicaciones oficiales del periodo gubernamental de 1982-1988. Crear un centro de información del Gobierno Federal. Registrar las actividades del Presidente de la República con la finalidad de publicar la crónica del Gobierno 1982-1988. aRequerimientos técnicos : Computadora IBM PC o compatible 486 o superior. Lector de discos compactos 2x o superior. Sistema operativo Microsoft Windows 3.11 o superior. Mouse. Monitor VGA o SVGA. Instalación y consulta : Cámbiese a la unidad de CD-ROM (generalmente D o E). Escriba instalar y pulse enter. Espere un momento mientras se instala el CD de manera automática. Cada que desee consultar en Windows pulse doble clic sobre el ícono. 4aMéxicoxPolítica y gobierno.0 aMadrid Hurtado, Miguel de la.